01298nam a2200241Ia 4500001001100000003001000011008004100021040002500062041001300087100002000100245004600120250001100166260006200177300001200239500022700251501011400478520022700592650001900819942000700838957000600845999004300851952016200894L440-25373IT-CnALBA170116s9999||||xx |||||||||||||| ||und|| aIT-CnALBAcIT-CnALBA aITALIANO aPAGANINI ERCOLE 0aEN CHEMIN. GRAMMATICA FRANCESE. VOL. II.  a2a ed. a TO BO CT PAbSOCIETÀ ED. INTER. c1934 [1° Ed.: n.d.] a220 p.  aGRAMMATICA FRANCESE PER I CORSI INFERIORIDELL'ISTITUTO TECNICO, ISTITUTO MAGISTRALE E GINNASIO. PARTI VARIABILI DEL DISCORSO. ESERCIZI DI TRADUZIONE. RACCONTO: LE TRE FONTI. I VERBI AUSILIARI ESSERE ED AVERE. ALTRI VERBI.  aSocietà San Paolo EM - Piazza San Paolo, 14 - 12051 ALBA (CN) (non commercial uses only) ® Copyright 2017 aGRAMMATICA FRANCESE PER I CORSI INFERIORIDELL'ISTITUTO TECNICO, ISTITUTO MAGISTRALE E GINNASIO. PARTI VARIABILI DEL DISCORSO. ESERCIZI DI TRADUZIONE. RACCONTO: LE TRE FONTI. I VERBI AUSILIARI ESSERE ED AVERE. ALTRI VERBI.  aLINGUE ROMANZE cBK 71 a30150bSI g Copie: 1 c284476d284476 0010406L_4402537371aALBAbALBAd2017-01-16l0oL440-25373r2017-01-16 00:00:00w2017-01-16yBKz(data import: 16 gennaio 2017) - By Epidotti, Vaglietti.